Cities at Night - Satellite view #1 - Statistics

General Stats
  • This quiz has been taken 17 times
  • The average score is 11 of 15
Answer Stats
Picture Answer % Correct
New York City
100%
Paris
100%
Chicago
93%
London
93%
Dubai
87%
Dubai
87%
Miami
87%
Tokyo
80%
Istanbul
73%
San Francisco
73%
Cape Town
60%
Rio de Janeiro
47%
Sydney
47%
Lisbon
33%
Naples
20%
No matching quizzes found
Score Distribution
Percent of People with Each Score
Percentile by Number Answered
Your Score History
You have not taken this quiz